000 00761nam a2200181Ia 4500
003 GCL
008 140319s9999 xx 000 0 ara d
040 _aGCL /
_cGCL
082 0 4 _aق
_b726.1
_bم ا
100 1 _aمحمود احمد
245 1 0 _aموجز تاريخ جوامع احمد بن طولون السلطان حسن والسلطان المؤيد :
_bبمناسبة تشريف حضرة صاحب السمو الامبراطورى (ولى عهد ايران) بزيارتها /
_cمحمود احمد
260 _aالقاهرة :
_bدار الكتب ،
_c1939
300 _a32 ص ؛
_c24 سم
650 0 4 _aالمساجد - تاريخ
650 0 4 _aجامع احمد ابن طولون
650 0 4 _aالقاهرة - المساجد
942 _2ddc
_cBK
999 _c43097
_d43097